| 000 | 00591nam a2200205Ia 4500 | ||
|---|---|---|---|
| 003 | GCL | ||
| 008 | 140319s9999 xx 000 0 ara d | ||
| 040 |
_aGCL / _cGCL |
||
| 082 | 0 | 4 |
_a414 _bس ا |
| 100 | 1 | _aسعيد بقطين | |
| 245 | 1 | 0 |
_aانفتاح النص الروائى / _cسعيد بقطين |
| 260 |
_a[S.N] : _bالمركز الثقافى العربى ، _c1989 |
||
| 300 | _a160 ص | ||
| 490 | _a | ||
| 650 | 0 | 4 | _aالادب العربى |
| 650 | 0 | 4 | _aاللغة العربية |
| 650 | 0 | 4 | _aعلم البلاغة |
| 650 | 0 | 4 | _aعلم الاسلوب |
| 942 |
_2ddc _cBK |
||
| 999 |
_c55361 _d55361 |
||